[Event "2024 British Rapidplay Championship"]
[Site "Holiday Inn Peterborough - West"]
[Date "2024.03.02"]
[Round "4.46"]
[White "Jacklin, Sam"]
[Black "Grigoryan, Meri"]
[Result "0-1"]
[WhiteFideId "343414850"]
[BlackFideId "13300571"]
[WhiteElo "1723"]
[BlackElo "1957"]
[EventDate "2024.03.02"]

1. Nf3 d5 2. c4 e6 3. e3 Nf6 4. Nc3 c6 5. b3 Bb4 6. Bb2 Nbd7 7. Qc2 b6 8. Be2 Ba6
9. a3 Bd6 10. g4 dxc4 11. bxc4 Ne5 12. Nxe5 Bxe5 13. g5 Nd7 14. f4 Bc7 15. Ne4 e5
16. f5 c5 17. Rg1 Bb7 18. Nc3 h6 19. g6 Qh4+ 20. Kd1 fxg6 21. Rxg6 O-O 22. Kc1 Qe1+
23. Bd1 Nf6 24. Kb1 Rad8 25. d3 Qxe3 26. Be2 e4 27. Bc1 exd3 28. Bxe3 dxc2+ 29. Kxc2
Be5 30. Bxh6 Ne4 31. Nd5 Bxa1 32. f6 Bxd5 33. Rxg7+ Kh8 34. cxd5 Rxf6 35. Re7 0-1

[Event "2024 British Rapidplay Championship"]
[Site "Holiday Inn Peterborough - West"]
[Date "2024.03.02"]
[Round "4.47"]
[White "Baer, Bruce L"]
[Black "Milewska, Agnieszka"]
[Result "1/2-1/2"]
[WhiteFideId "488801"]
[BlackFideId "1196391"]
[WhiteElo "1918"]
[BlackElo "1823"]
[EventDate "2024.03.02"]

1. d3 e5 2. Nf3 Nc6 3. g3 d5 4. Bg2 Nf6 5. O-O Bg4 6. h3 Bxf3 7. Bxf3 h6 8. Nc3 Bc5
9. e4 dxe4 10. Nxe4 Bb6 11. Be3 Bxe3 12. fxe3 O-O 13. Nxf6+ Qxf6 14. Be4 Qg5 15.
Qf3 Nb4 16. h4 Qe7 17. c3 Nc6 18. Bxc6 bxc6 19. Qxc6 Rab8 20. b4 Rb6 21. Qc4 Rg6
22. Kh2 h5 23. Qc5 Qd7 24. Qxe5 Qxd3 25. Rae1 Qd2+ 26. Kh3 Re6 27. Qxh5 Rxe3 28.
Rxe3 Qxe3 29. Qf3 Qe6+ 30. Qf5 Qxa2 31. h5 Qc4 32. h6 Qxc3 33. hxg7 Qxg7 34. Qd5
Re8 35. Rf5 Qh6+ 36. Kg2 Qe6 37. Rg5+ Kf8 38. Qc5+ Qe7 39. Kf3 Qxc5 40. Rxc5 Re7
41. Rc6 1/2-1/2

[Event "2024 British Rapidplay Championship"]
[Site "Holiday Inn Peterborough - West"]
[Date "2024.03.02"]
[Round "4.48"]
[White "Dicen, Elis Denele"]
[Black "Liu, Jacob"]
[Result "1-0"]
[WhiteFideId "462560"]
[BlackFideId "496960"]
[WhiteElo "1892"]
[BlackElo "1573"]
[EventDate "2024.03.02"]

1. d4 d5 2. c4 c6 3. Nf3 Nf6 4. Nc3 e6 5. g3 dxc4 6. a4 Nbd7 7. Bg2 Bb4 8. O-O O-O
9. Qc2 Nd5 10. e4 Nxc3 11. bxc3 Bd6 12. Nd2 Bc7 13. Nxc4 Nb6 14. Ne3 a5 15. Ba3 Re8
16. f4 Bd6 17. Bb2 Qc7 18. c4 c5 19. d5 Bd7 20. e5 Bf8 21. Kh1 g6 22. g4 Bg7 23.
h3 Ra6 24. Rfe1 Raa8 25. Nf1 Ra6 26. Ng3 Qc8 27. Be4 Rf8 28. f5 exf5 29. gxf5 Qe8
30. e6 Bc8 31. Bxg7 Kxg7 32. Rg1 Qe7 33. f6+ 1-0

[Event "2024 British Rapidplay Championship"]
[Site "Holiday Inn Peterborough - West"]
[Date "2024.03.02"]
[Round "4.50"]
[White "Mylovanov, Volodymyr"]
[Black "Hunt, Harriet V"]
[Result "0-1"]
[WhiteFideId "34184732"]
[BlackFideId "403512"]
[WhiteElo "1877"]
[BlackElo "2342"]
[EventDate "2024.03.02"]

1. d4 Nf6 2. g3 d5 3. Bg2 c6 4. Nf3 Bg4 5. O-O Nbd7 6. Nbd2 e6 7. c4 Be7 8. Qc2 Bf5
9. Qb3 Qb6 10. Qxb6 axb6 11. Nh4 Bc2 12. Re1 Bb4 13. a3 dxc4 14. e4 c3 15. axb4 Rxa1
16. bxc3 O-O 17. Nhf3 Nxe4 18. Nxe4 Bxe4 19. Nd2 Bxg2 20. Kxg2 Nf6 21. Nb3 Rb1 22.
Nd2 Ra1 23. Nb3 Ra2 24. h3 Nd5 25. Bd2 Rb2 26. Nc1 Rxd2 0-1

[Event "2024 British Rapidplay Championship"]
[Site "Holiday Inn Peterborough - West"]
[Date "2024.03.02"]
[Round "4.51"]
[White "Basson, Heinrich"]
[Black "Okhai, Shabir"]
[Result "0-1"]
[WhiteFideId "14301440"]
[BlackFideId "445134"]
[WhiteElo "1848"]
[BlackElo "2077"]
[EventDate "2024.03.02"]

1. d4 Nf6 2. Nf3 e6 3. Bf4 c5 4. c3 d5 5. e3 Nc6 6. Nbd2 cxd4 7. cxd4 Qb6 8. Rb1
Bd7 9. Be2 Rc8 10. a3 Be7 11. h3 O-O 12. O-O Na5 13. Ne5 Bb5 14. b4 Bxe2 15. Qxe2
Nc6 16. Nb3 Nxe5 17. Bxe5 Ne4 18. Rbc1 Bd6 19. Bxd6 Qxd6 20. Nc5 b6 21. Nxe4 dxe4
22. Qb5 Rc7 23. Rxc7 Qxc7 24. a4 Rc8 25. a5 bxa5 26. bxa5 g6 27. Rb1 Kg7 28. Kh1
Qd6 29. Kg1 Rc7 30. Kh1 h5 31. Kg1 Kh7 32. Kh1 Kg7 33. Kg1 Kh7 34. g3 Kg7 35. Kg2
Kh7 36. Qe8 Qd7 37. Qf8 Rc8 38. Qb4 Rc7 39. Rb2 Kg7 40. Qb8 Kh7 41. Qb4 Kg7 42. Rb1
Qd5 43. Rb2 Qf5 44. Qb5 Qf3+ 45. Kh2 Rc1 46. Qe5+ Kh7 0-1

[Event "2024 British Rapidplay Championship"]
[Site "Holiday Inn Peterborough - West"]
[Date "2024.03.02"]
[Round "4.52"]
[White "Pickard, Charles"]
[Black "Middleton, Tom"]
[Result "1-0"]
[WhiteFideId "470880"]
[BlackFideId "402834"]
[WhiteElo "2190"]
[BlackElo "1947"]
[EventDate "2024.03.02"]

1. d4 Nf6 2. c4 e6 3. Nf3 Bb4+ 4. Bd2 Qe7 5. a3 Bxd2+ 6. Nbxd2 d6 7. e3 e5 8. Qc2
O-O 9. Bd3 Nbd7 10. O-O g6 11. b4 Re8 12. Be2 e4 13. Ng5 Nf8 14. f3 exf3 15. Rxf3
Bg4 16. Rxf6 Bxe2 17. Nde4 Bg4 18. Nd2 Qxe3+ 1-0

[Event "2024 British Rapidplay Championship"]
[Site "Holiday Inn Peterborough - West"]
[Date "2024.03.02"]
[Round "4.53"]
[White "Zhao, George"]
[Black "Davies, Peter L"]
[Result "1-0"]
[WhiteFideId "494607"]
[BlackFideId "1801171"]
[WhiteElo "1909"]
[BlackElo "1876"]
[EventDate "2024.03.02"]

1. d4 Nf6 2. Nf3 g6 3. g3 Bg7 4. Bg2 O-O 5. O-O d6 6. c4 Nc6 7. Nc3 a6 8. e4 e5 9.
dxe5 Nxe5 10. Nxe5 dxe5 11. Bg5 c6 12. Qc2 Be6 13. b3 h6 14. Be3 Qe7 15. Na4 Nd7
16. Rad1 f5 17. Qc1 Kh7 18. Rd3 Rad8 19. Rfd1 fxe4 20. Bxe4 Bf5 21. Bxf5 gxf5 22.
Qd2 Rf7 23. Bb6 Nxb6 24. Rxd8 Nd5 25. Ra8 Nf6 26. Qd8 Qa3 27. Qd2 e4 28. Rd8 Ng4
29. Qe2 Ne5 30. Kg2 b5 31. cxb5 axb5 32. Nb6 Qa5 33. Nc8 Nd3 34. R8xd3 exd3 35. Qxd3
Qa4 36. a3 Qxa3 37. Nd6 Qa2 38. Nxf5 Rf8 39. Rd2 Kh8 40. Ne7 Qa5 41. Nxc6 Re8 42.
Qg6 Qb6 43. Ne5 Rf8 44. Qd6 Qb7+ 45. Qc6 Qxc6+ 46. Nxc6 Rc8 47. Rd8+ Rxd8 48. Nxd8
Kg8 49. Kf3 Bf6 50. Nc6 Kf7 51. Ke4 Ke6 52. Nd4+ Kd6 53. Nxb5+ Kc5 54. Nc7 Bd8 55.
Ne6+ 1-0

[Event "2024 British Rapidplay Championship"]
[Site "Holiday Inn Peterborough - West"]
[Date "2024.03.02"]
[Round "4.54"]
[White "Sisupalan, Beni"]
[Black "Rich, Ben S"]
[Result "0-1"]
[WhiteFideId "494585"]
[BlackFideId "490431"]
[WhiteElo "1756"]
[BlackElo "1918"]
[EventDate "2024.03.02"]

1. e4 c5 2. Nf3 d6 3. d4 cxd4 4. Nxd4 Nf6 5. Nc3 e6 6. Be3 a6 7. f4 Nbd7 8. Be2 Qc7
9. O-O b5 10. Bf3 Bb7 11. a3 Nc5 12. e5 dxe5 13. Bxb7 Nxb7 14. fxe5 Nd7 15. Bf4 Bc5
16. Kh1 O-O 17. Qd2 Nxe5 18. Rae1 Nc4 19. Qf2 Qb6 20. Nce2 Rad8 21. c3 e5 22. b4
Bxd4 23. Nxd4 exd4 24. Qh4 d3 25. Rf3 d2 26. Rd1 Rfe8 27. Bg5 Nb2 28. Rxd2 Rxd2 29.
Bxd2 Qd6 30. Re3 Rxe3 31. Bxe3 Qd1+ 32. Bg1 h6 33. Qe4 Nd3 34. Qe8+ Kh7 35. Qe4+
g6 36. Qd4 Nd6 37. h3 Nf5 38. Qa7 Ng3+ 39. Kh2 Qf1 40. Be3 Ne4 41. Qb7 Qf5 42. Qxa6
Qe5+ 43. Kg1 Nxc3 44. Qa7 Qe6 45. h4 Nd5 46. Bd4 Qe1+ 47. Kh2 Qxh4+ 48. Kg1 Qf4 49.
Kh1 Ne1 50. Bf2 Nc2 51. Bg3 Qf1+ 52. Kh2 Nce3 53. Kh3 Qxg2+ 54. Kh4 g5+ 55. Kh5 Nf6#
0-1

[Event "2024 British Rapidplay Championship"]
[Site "Holiday Inn Peterborough - West"]
[Date "2024.03.02"]
[Round "4.55"]
[White "George, Matthew P"]
[Black "Vijayakumar, Rishi"]
[Result "0-1"]
[WhiteFideId "407763"]
[BlackFideId "2408953"]
[WhiteElo "2003"]
[BlackElo "1809"]
[EventDate "2024.03.02"]

1. Nf3 d5 2. e3 Nf6 3. c4 e6 4. b3 Be7 5. Bb2 O-O 6. Nc3 c5 7. cxd5 Nxd5 8. Be2 Nc6
9. O-O Nxc3 10. Bxc3 b6 11. Qc2 Bb7 12. Qb2 Bf6 13. Bxf6 Qxf6 14. Qxf6 gxf6 15. Rfd1
Rfd8 16. a3 Rd6 17. Rab1 a5 18. Kf1 Rad8 19. Ke1 f5 20. Rb2 Kg7 21. h4 Kf6 22. g3
e5 23. d3 h6 24. Nd2 Ba6 25. Nc4 Bxc4 26. bxc4 Ne7 27. Rdb1 Nc8 28. f3 f4 29. Kf2
fxg3+ 30. Kxg3 Rg8+ 31. Kf2 Ke7 32. Bf1 Kd8 33. Rd2 Ne7 34. Bh3 Kc7 35. Rbd1 Nc6
36. Rg1 Rxg1 37. Kxg1 e4 38. fxe4 Ne5 39. Bf1 Nf3+ 0-1

[Event "2024 British Rapidplay Championship"]
[Site "Holiday Inn Peterborough - West"]
[Date "2024.03.02"]
[Round "4.56"]
[White "Li, Xiaofan"]
[Black "Kothari, Jai"]
[Result "0-1"]
[WhiteFideId "343432689"]
[BlackFideId "477117"]
[WhiteElo "1771"]
[BlackElo "1908"]
[EventDate "2024.03.02"]

1. e4 c5 2. Nf3 Nc6 3. d3 g6 4. g3 Bg7 5. Bg2 e6 6. Nc3 Nge7 7. Be3 d6 8. Qd2 h5
9. h4 a6 10. d4 cxd4 11. Nxd4 b5 12. Nxc6 Nxc6 13. Rd1 b4 14. Ne2 Bxb2 15. Qxd6 Qxd6
16. Rxd6 Bd7 17. O-O Ne5 18. Rb1 Nc4 19. Rd3 Ba4 20. Nd4 O-O 21. Bc1 Bc3 22. Nb3
Rfd8 23. Bf1 Bb5 24. Bg5 f6 25. Rxc3 bxc3 26. Bxf6 Nd2 27. Nxd2 Rxd2 28. Bxc3 Rxc2
29. Bxb5 axb5 30. Bd4 Rc4 31. Be3 b4 32. Bd2 Rd4 33. Rb2 Rxe4 34. Bxb4 Rb8 35. a3
Rc4 36. Rd2 Kf7 37. Kg2 Kf6 38. Bd6 Rb3 39. Re2 Rd3 40. Bb4 e5 41. Bf8 e4 42. Rb2
Rcc3 43. Rb6+ Kf7 44. Bb4 Rc7 45. Rb8 Rc2 46. Rf8+ Kg7 47. Kf1 Rd1+ 48. Kg2 e3 49.
Rf3 Rd3 50. Kf1 e2+ 51. Kg2 Rd1 52. Re3 Rb1 53. Kf3 Rbb2 54. Re7+ Kf6 55. Re3 Kf5
56. Rd3 Rxb4 0-1

[Event "2024 British Rapidplay Championship"]
[Site "Holiday Inn Peterborough - West"]
[Date "2024.03.02"]
[Round "4.57"]
[White "Garnett, John S"]
[Black "Wastney, Dylan"]
[Result "1/2-1/2"]
[WhiteFideId "410829"]
[BlackFideId "343112498"]
[WhiteElo "1950"]
[BlackElo "1800"]
[EventDate "2024.03.02"]

1. d4 Nf6 2. Bg5 e6 3. Nd2 d5 4. e3 Nbd7 5. Ngf3 Be7 6. Bd3 h6 7. Bf4 Nh5 8. Bg3
c5 9. c3 O-O 10. Qc2 b6 11. Be5 Nxe5 12. Nxe5 Nf6 13. Nc6 Qd7 14. Nxe7+ Qxe7 15.
O-O Bb7 16. Nf3 Rac8 17. Qe2 c4 18. Bc2 b5 19. a3 a5 20. Ne5 Ra8 21. f3 Nd7 22. Nxd7
Qxd7 23. e4 Rfe8 24. Qd2 e5 25. exd5 Bxd5 26. Rad1 e4 27. fxe4 Bxe4 28. Rde1 Bxc2
29. Qxc2 b4 30. axb4 axb4 31. Qd2 bxc3 32. bxc3 Ra3 33. Rxe8+ Qxe8 34. Re1 Qd8 35.
Re5 Ra1+ 36. Re1 Ra3 37. Qe3 Qd5 38. Qc1 Ra6 39. Re8+ Kh7 40. Qc2+ g6 41. Qb2 Qf5
42. Re1 Qd3 43. Qf2 Kg7 44. Rf1 Ra7 45. Qf6+ Kh7 46. Qf3 Qd2 47. Qd5 Qe3+ 48. Kh1
Qe6 49. Qxe6 fxe6 50. h3 Kg7 51. Kh2 Re7 52. Kg3 e5 53. Re1 Kf6 54. dxe5+ Rxe5 55.
Rxe5 Kxe5 56. Kf3 g5 57. Ke3 Kd5 58. g3 Ke5 59. h4 Kd5 60. hxg5 hxg5 61. Kf3 Ke5
62. g4 Kd5 63. Ke3 1/2-1/2

[Event "2024 British Rapidplay Championship"]
[Site "Holiday Inn Peterborough - West"]
[Date "2024.03.02"]
[Round "4.58"]
[White "McCusker, Andrew"]
[Black "Walton, Alan J"]
[Result "1/2-1/2"]
[WhiteFideId "2404281"]
[BlackFideId "409898"]
[WhiteElo "1786"]
[BlackElo "2063"]
[EventDate "2024.03.02"]

1. d4 e6 2. c4 f5 3. g3 Nf6 4. Bg2 Be7 5. Nc3 d6 6. Nf3 O-O 7. O-O Ne4 8. Qc2 Nxc3
9. Qxc3 a5 10. b3 Nc6 11. Bb2 Bf6 12. Qd2 e5 13. d5 Ne7 14. Rac1 f4 15. Ne1 b6 16.
Nd3 fxg3 17. hxg3 Bg4 18. Rce1 Qe8 19. f3 Bd7 20. e4 Qg6 21. Kf2 Rf7 22. Bc1 Raf8
23. Rh1 h6 24. Qe2 Bg5 25. Bxg5 Qxg5 26. Ref1 Ng6 27. a4 Bc8 28. Qe3 Qxe3+ 29. Kxe3
Bd7 30. Bh3 Bxh3 31. Rxh3 Re8 1/2-1/2

[Event "2024 British Rapidplay Championship"]
[Site "Holiday Inn Peterborough - West"]
[Date "2024.03.02"]
[Round "4.59"]
[White "Kairat, Alexander"]
[Black "Green, Michael"]
[Result "1-0"]
[WhiteFideId "498629"]
[BlackFideId "437514"]
[WhiteElo "1723"]
[BlackElo "1894"]
[EventDate "2024.03.02"]

1. e4 g6 2. d4 Bg7 3. Nc3 c6 4. Be3 d5 5. e5 h5 6. Bd3 Nh6 7. Nge2 Bg4 8. Qd2 e6
9. Nf4 Bf5 10. Nce2 Bxd3 11. Qxd3 Nf5 12. Ng3 Nxe3 13. fxe3 Qg5 14. O-O-O Nd7 15.
Rhf1 O-O-O 16. Nh3 Qe7 17. Qb3 Rhf8 18. Nf4 Nb6 19. Rf3 Kb8 20. Kb1 Rc8 21. Nd3 Nd7
22. Ne2 c5 23. Qa3 Bh6 24. Nef4 Bg5 25. dxc5 Bxf4 26. Rxf4 Nxc5 27. Nxc5 Qxc5 28.
Qxc5 Rxc5 29. Rdf1 Rc4 30. Rxf7 Rxf7 31. Rxf7 Re4 32. Rf8+ Kc7 33. Rf7+ Kc8 34. Rf6
d4 35. Kc1 dxe3 36. Kd1 Rxe5 37. Rxg6 Kd7 38. Rg7+ Kc6 39. Ke2 Rb5 40. b3 Rc5 41.
c4 Re5 42. Rg3 Kd6 43. Rxe3 Ra5 44. a4 a6 45. Rd3+ Ke5 46. Rh3 Kd4 47. Rd3+ Ke5 48.
Kf3 b5 49. cxb5 axb5 50. axb5 Rxb5 51. h3 h4 52. Kg4 Rb4+ 53. Kg5 Re4 54. Rd2 Rb4
55. Rb2 Kd4 56. Re2 e5 57. Kf5 Rxb3 58. Re4+ Kd3 59. Rxh4 Rb2 60. g3 Rg2 61. Ra4
e4 62. Rxe4 Rxg3 63. h4 Rf3+ 64. Rf4 Rh3 65. Kg4 Rh1 66. h5 Ke3 67. Rb4 Rg1+ 68.
Kf5 Rh1 69. Kg6 Rg1+ 70. Kf6 Rf1+ 71. Kg5 Rg1+ 72. Rg4 Rh1 73. h6 Kf3 74. Rf4+ Kg3
75. Rf5 Rh2 76. Kg6 Kg4 77. Rf6 Rh1 78. h7 Rh3 79. Kg7 Kg5 80. Rb6 Rc3 81. Rb5+ Kg4
82. h8=Q Rc7+ 83. Kg6 Rc6+ 84. Kf7 1-0

[Event "2024 British Rapidplay Championship"]
[Site "Holiday Inn Peterborough - West"]
[Date "2024.03.02"]
[Round "4.60"]
[White "Railwani, Tavish"]
[Black "Pang, Ethan"]
[Result "1-0"]
[WhiteFideId "2410249"]
[BlackFideId "496995"]
[WhiteElo "1714"]
[BlackElo "1887"]
[EventDate "2024.03.02"]

1. e4 c5 2. Nf3 Nc6 3. d4 cxd4 4. Nxd4 g6 5. Nc3 Bg7 6. Be3 Nf6 7. Be2 O-O 8. O-O
d6 9. h3 Bd7 10. Qd2 Nxd4 11. Bxd4 Bc6 12. Bf3 Qc7 13. Rad1 Rad8 14. b4 a6 15. a4
d5 16. Bxf6 dxe4 17. Qe3 exf3 18. Bxg7 fxg2 19. Rfe1 Kxg7 20. Rxd8 Rxd8 21. b5 axb5
22. axb5 Be8 23. b6 Qc6 24. Qe5+ 1-0

[Event "2024 British Rapidplay Championship"]
[Site "Holiday Inn Peterborough - West"]
[Date "2024.03.02"]
[Round "4.61"]
[White "Vashisht-Pigem, Raman"]
[Black "Fairhurst, Frederick"]
[Result "1-0"]
[WhiteFideId "469734"]
[BlackFideId "343425682"]
[WhiteElo "1990"]
[BlackElo "1600"]
[EventDate "2024.03.02"]

1. e4 c6 2. Nf3 d5 3. Nc3 dxe4 4. Nxe4 Bf5 5. Ng3 Bg6 6. h4 h6 7. Ne5 Bh7 8. Qh5
g6 9. Bc4 e6 10. Qe2 Qe7 11. d4 Nd7 12. Bd2 Bg7 13. O-O-O Nxe5 14. dxe5 O-O-O 15.
Bc3 Rxd1+ 16. Rxd1 Qxh4 17. Ba5 Qf4+ 18. Kb1 Ne7 19. Ne4 Nd5 20. Nd6+ Kb8 21. g3
Qxe5 22. Qxe5 Bxe5 23. Nxf7 b6 24. Nxh8 Bxh8 25. Bd2 g5 26. Rh1 Bg7 27. Bxg5 Bxc2+
28. Kxc2 hxg5 29. Rh7 Bd4 30. Rf7 b5 31. Bxd5 cxd5 32. f4 gxf4 33. gxf4 e5 34. fxe5
Bxe5 35. Rf5 Bc7 36. Rxd5 a6 37. Kd3 Kb7 38. Ke4 Kc6 39. Rf5 Kb6 40. Kd5 a5 41. Rf6+
Kb7 42. Re6 Bb6 43. Re7+ Bc7 44. Kc5 b4 45. Kb5 Kb8 46. Rxc7 Kxc7 47. Kxa5 b3 48.
a3 Kc6 49. Kb4 Kb6 50. Kxb3 1-0

[Event "2024 British Rapidplay Championship"]
[Site "Holiday Inn Peterborough - West"]
[Date "2024.03.02"]
[Round "4.62"]
[White "Markan, Sanket"]
[Black "Harvey, Alan"]
[Result "0-1"]
[WhiteFideId "343442226"]
[BlackFideId "445886"]
[WhiteElo "1680"]
[BlackElo "1996"]
[EventDate "2024.03.02"]

1. d4 d6 2. c4 e5 3. dxe5 dxe5 4. Qxd8+ Kxd8 5. Nc3 c6 6. b3 Be6 7. Bb2 Nd7 8. Nf3
f6 9. h3 Be7 10. g4 g5 11. Bg2 Nh6 12. O-O-O Nf7 13. Ne4 Kc7 14. a3 a5 15. Rd2 h5
16. gxh5 Rxh5 17. Ng3 Rh7 18. h4 g4 19. Ne1 f5 20. Nd3 Rxh4 21. Rhd1 Bg5 22. e3 Rh2
23. Bh1 e4 24. Ne1 Nc5 25. Kc2 a4 26. b4 Nb3 27. Re2 Bxc4 28. Red2 Nxd2 29. Rxd2
Be6 30. Bd4 Bh4 31. Bg2 Bxg3 32. fxg3 Rd8 33. Kc3 b6 34. Rc2 Bb3 35. Re2 Rd5 36.
Nc2 c5 37. bxc5 bxc5 38. Bf6 Rh6 39. Bg7 Rhd6 40. Rf2 Rd3+ 41. Kb2 Rd2 42. Rxd2 Rxd2
0-1

[Event "2024 British Rapidplay Championship"]
[Site "Holiday Inn Peterborough - West"]
[Date "2024.03.02"]
[Round "4.63"]
[White "Knox, Edward"]
[Black "Tiruchirapalli, Venkataramanan"]
[Result "0-1"]
[WhiteFideId "343432328"]
[BlackFideId "5001579"]
[WhiteElo "1661"]
[BlackElo "2263"]
[EventDate "2024.03.02"]

1. d4 d5 2. Bf4 Nf6 3. e3 g6 4. Nc3 Bg7 5. h4 h5 6. Nf3 O-O 7. Qd2 c5 8. Nb5 Na6
9. O-O-O Ne4 10. Qe2 Qa5 11. Kb1 Bd7 12. Na3 Nc3+ 13. bxc3 Qxa3 14. Ne5 Bf5 15. Qd2
Rfc8 16. Bxa6 bxa6 17. Nd3 c4 18. Nc5 Rxc5 19. dxc5 Bxc3 20. Qc1 Qb4+ 0-1

[Event "2024 British Rapidplay Championship"]
[Site "Holiday Inn Peterborough - West"]
[Date "2024.03.02"]
[Round "4.64"]
[White "Jermy, Jaden"]
[Black "Cepoi, Gesneria-Codruta"]
[Result "1-0"]
[WhiteFideId "459496"]
[BlackFideId "1285297"]
[WhiteElo "1978"]
[BlackElo "1655"]
[EventDate "2024.03.02"]

1. d4 Nf6 2. c4 e6 3. Nf3 d5 4. g3 Be7 5. Bg2 b6 6. O-O Bb7 7. Nbd2 Nbd7 8. b3 O-O
9. Bb2 h6 10. Rc1 c5 11. e3 Re8 12. Ne5 Rc8 13. dxc5 Nxc5 14. Qe2 Bd6 15. Rfd1 Qe7
16. Ng4 Nfe4 17. Nxe4 dxe4 18. Nxh6+ Kf8 19. Qh5 f6 20. Rxd6 gxh6 21. Qxh6+ Qg7 22.
Qxf6+ Qxf6 23. Bxf6 Kf7 24. Bg5 Rg8 25. h4 a5 26. Rcd1 Bc6 27. Bd8 Nd3 28. Bxb6 Ke7
29. R1xd3 exd3 30. Rxc6 d2 31. Bc5+ Kf7 32. Rd6 Rcd8 33. Rxd8 Rxd8 34. Bf3 d1=Q+
35. Bxd1 Rxd1+ 36. Kg2 Ra1 37. a3 Kg6 38. Kf3 Kf5 39. g4+ Kg6 40. h5+ Kg5 41. Be7+
Kh6 42. b4 a4 43. b5 Rb1 44. Ke4 Rb2 45. f3 Rb3 46. Bc5 Kg5 47. f4+ Kxg4 48. h6 Rb2
49. Bd4 Rh2 50. Bg7 Rh5 51. b6 1-0

[Event "2024 British Rapidplay Championship"]
[Site "Holiday Inn Peterborough - West"]
[Date "2024.03.02"]
[Round "4.65"]
[White "Surtees, Mike J"]
[Black "Hill, Callum"]
[Result "1-0"]
[WhiteFideId "412619"]
[BlackFideId "343403913"]
[WhiteElo "2035"]
[BlackElo "1635"]
[EventDate "2024.03.02"]

1. e4 e5 2. d3 Nc6 3. Nf3 g6 4. c4 Bg7 5. Nc3 d6 6. h3 Nge7 7. g3 Be6 8. Bg2 Qd7
9. Nd5 f5 10. Ng5 O-O-O 11. Qa4 Kb8 12. Nxe6 Qxe6 13. Be3 Rhf8 14. Nxe7 Qxe7 15.
exf5 gxf5 16. Bxc6 bxc6 17. Qxa7+ Kc8 18. O-O-O Qf6 19. Bd2 Kd7 20. Qe3 Ra8 21. Kb1
Rfb8 22. Bc3 Ra3 23. Ka1 Ra6 24. d4 Qe6 25. d5 cxd5 26. cxd5 Qg6 27. Rhe1 Rba8 28.
a3 Rb6 29. Ka2 Qf7 30. g4 f4 31. Qe4 Bf6 32. Qf5+ Ke8 33. Qxf4 Kf8 34. Qe3 Rb5 35.
Qd3 Rb6 36. Re4 Qe8 37. Rb4 Rxb4 38. Bxb4 Qa4 39. Qb3 Qa7 40. Qc2 Qb6 41. Bc3 Qc5
42. Qxh7 Ra7 43. Qf5 Kg7 44. g5 Bd8 45. Qd7+ Kg6 46. Qxd8 Qxf2 47. Qg8+ Kh5 48. Qh7+
Kxg5 49. Bd2+ Kf6 50. Qh8+ Kf7 51. Qh5+ Kf8 52. Bh6+ Ke7 53. Bg5+ Kd7 54. Qh7+ Kc8
55. Qd3 Qf7 56. h4 Ra5 57. Qc4 Rc5 58. Qa6+ Kd7 59. Qa4+ Kc8 60. Qa8+ Kd7 61. Qd8#
1-0

[Event "2024 British Rapidplay Championship"]
[Site "Holiday Inn Peterborough - West"]
[Date "2024.03.02"]
[Round "4.66"]
[White "Singha, Swati"]
[Black "Alizada, Eldar A"]
[Result "0-1"]
[WhiteFideId "45013004"]
[BlackFideId "464104"]
[WhiteElo "1648"]
[BlackElo "1975"]
[EventDate "2024.03.02"]

1. e4 e6 2. Nc3 d5 3. e5 c5 4. Bb5+ Bd7 5. Bxd7+ Qxd7 6. Nf3 Nc6 7. Qe2 Nge7 8. Ng5
Ng6 9. Nf3 d4 10. Ne4 Qc7 11. d3 Be7 12. O-O O-O 13. c3 dxc3 14. bxc3 Ncxe5 15. Nxe5
Qxe5 16. f4 Qd5 17. c4 Qd7 18. Be3 b6 19. Rad1 Rad8 20. Ng3 Bf6 21. f5 exf5 22. Nxf5
Rfe8 23. Qf2 Re6 24. d4 cxd4 25. Bxd4 Qc7 26. Bxf6 Rxf6 27. Rxd8+ Qxd8 28. Qe2 Re6
29. Qb2 f6 30. Qb3 Kh8 31. Rd1 Qc8 32. Nd6 Qc5+ 33. Kh1 Rxd6 34. Re1 Ne5 35. Qg3
Qxc4 36. h3 h6 37. Qa3 Qc7 38. Rc1 Qd7 39. Qa6 Rd1+ 40. Rxd1 Qxd1+ 41. Kh2 Qd7 42.
Qa3 Nc4 43. Qf8+ Kh7 44. Qb4 Qd6+ 45. Qxd6 Nxd6 46. Kg3 Kg6 47. Kf4 Kf7 48. g4 Ke6
49. a4 a6 50. h4 b5 51. a5 b4 52. Ke3 b3 53. Kd3 b2 54. Kc2 Nc4 55. Kb1 g6 56. Ka2
Kd5 0-1

[Event "2024 British Rapidplay Championship"]
[Site "Holiday Inn Peterborough - West"]
[Date "2024.03.02"]
[Round "4.67"]
[White "Kovalskyi, Roman"]
[Black "Chedd, Neil"]
[Result "1-0"]
[WhiteFideId "14184214"]
[BlackFideId "343422853"]
[WhiteElo "1983"]
[BlackElo "1603"]
[EventDate "2024.03.02"]

1. e4 c6 2. d4 d5 3. exd5 cxd5 4. Bd3 Nf6 5. h3 Nc6 6. c3 g6 7. Nf3 Bg7 8. Qc2 O-O
9. O-O Bd7 10. Bf4 Rc8 11. a3 a6 12. Nbd2 b5 13. Nb3 Ne4 14. Bxe4 dxe4 15. Qxe4 Re8
16. Bg5 Bf5 17. Qe3 Qd5 18. Nbd2 e5 19. dxe5 Nxe5 20. Nxe5 Rxe5 21. Qf3 Bd3 22. Bf4
Qxf3 23. Nxf3 Rf5 24. Rfd1 Be2 25. Nd4 Rxf4 26. Nxe2 Re4 27. Ng3 Re7 28. Rd5 Rce8
29. Kf1 h5 30. f3 h4 31. Ne4 f5 32. Nd6 Rd8 33. Nxf5 Red7 34. Rxd7 Rxd7 35. Nxh4
Rd2 36. Rb1 Kf7 37. f4 Bh6 38. Nf3 Rd7 39. Ne5+ Ke8 1-0

[Event "2024 British Rapidplay Championship"]
[Site "Holiday Inn Peterborough - West"]
[Date "2024.03.02"]
[Round "4.68"]
[White "Veeturi, Yashvardhan"]
[Black "Yu, Rock"]
[Result "0-1"]
[WhiteFideId "343402496"]
[BlackFideId "489000"]
[WhiteElo "1642"]
[BlackElo "1907"]
[EventDate "2024.03.02"]

1. e4 Nf6 2. e5 Nd5 3. d4 d6 4. c4 Nb6 5. exd6 cxd6 6. Nc3 g6 7. Be3 Bg7 8. Nf3 O-O
9. Qd2 Bg4 10. Be2 Nc6 11. O-O-O e5 12. d5 Ne7 13. b3 Rc8 14. h3 Bxf3 15. Bxf3 f5
16. Bh6 Bxh6 17. Qxh6 f4 18. Bg4 Nf5 19. Bxf5 Rxf5 20. g4 fxg3 21. fxg3 Rf3 22. Ne2
Nxc4 23. bxc4 Rxc4+ 24. Kb1 Qb6+ 25. Ka1 Rc2 26. Rb1 Qa6 27. Nc1 Rff2 28. Rb3 Rxa2+
29. Kb1 Ra1# 0-1

[Event "2024 British Rapidplay Championship"]
[Site "Holiday Inn Peterborough - West"]
[Date "2024.03.02"]
[Round "4.69"]
[White "Killeen, Robert T"]
[Black "Wainwright, Charlie"]
[Result "1-0"]
[WhiteFideId "343444466"]
[BlackFideId "343426310"]
[WhiteElo "1945"]
[BlackElo "1632"]
[EventDate "2024.03.02"]

1. e4 e6 2. d4 d5 3. Nd2 Nf6 4. e5 Nfd7 5. Bd3 c5 6. c3 Nc6 7. Ngf3 Qb6 8. O-O cxd4
9. cxd4 Nxd4 10. Nxd4 Qxd4 11. Nf3 Qb6 12. Qa4 Bc5 13. Bd2 a5 14. a3 Qa7 15. Bb5
b6 16. Qg4 g6 17. Rfe1 O-O 18. Qg5 Re8 19. Qh6 Bf8 20. Qh4 Ba6 21. Bxd7 Qxd7 22.
Bh6 Qd8 23. Bg5 Be7 24. Qh6 f6 25. exf6 Bxf6 26. Rac1 Rc8 27. Rxc8 Bxc8 28. Rc1 Bxg5
29. Nxg5 Qe7 30. Rc3 Bb7 31. Rf3 Qg7 32. Qh4 Re7 33. h3 d4 34. Rd3 e5 35. f3 Ba6
36. Rd2 Bb7 37. Ne4 Bxe4 38. Qxe4 Qf6 39. Rc2 Qd6 40. Rc8+ Kg7 41. Rc6 Qd8 42. Qd3
Kf7 43. Qc4+ Kg7 44. Rc8 Qd7 45. Rg8+ Kf6 46. Rf8+ Rf7 47. Rc8 d3 48. Qh4+ Kg7 49.
Rc1 Rf4 50. Qg5 d2 51. Qxe5+ Rf6 52. Rd1 Qd6 53. Qxd6 Rxd6 54. Kf2 Kf6 55. Ke2 Kf5
56. Rxd2 Rxd2+ 57. Kxd2 Kf4 58. Ke2 Kg3 59. Kf1 g5 60. Kg1 h5 61. Kf1 b5 62. b3 h4
63. Kg1 a4 64. bxa4 bxa4 65. Kf1 Kf4 66. Kf2 Ke5 67. Ke3 Kd5 68. Kd3 Kc5 69. Kc3
Kb5 70. Kd4 Kb6 71. Kc4 Kc7 1-0